| 000 | 00704nam a2200229 4500 | ||
|---|---|---|---|
| 001 | 111855 | ||
| 003 | ES-MaACL | ||
| 005 | 20250804011247.0 | ||
| 007 | t| | ||
| 008 | 061121s1966 sp r ||||1| spa d | ||
| 080 | _a378.4(460) | ||
| 100 | 1 |
_aOrlandis, José. _987279 |
|
| 245 | 1 | 3 |
_aLa crisis de la universidad en España / _cJosé Orlandis. |
| 260 |
_aMadrid : _bRialp, _c1966. |
||
| 300 |
_a110 p. ; _c18 cm. |
||
| 490 | 1 |
_aLibros de bolsillo Rialp ; _v41 |
|
| 650 | 4 |
_aEnseñanza superior- _zEspaña- _yS.XX. _912320 |
|
| 650 | 4 |
_aUniversidades- _zEspaña- _yS.XX. _917687 |
|
| 830 | 1 | 0 |
_aLibros de bolsillo Rialp _v41 _9181424 |
| 852 |
_aES-MaACL _jC-31168 |
||
| 999 |
_c111855 _d111855 |
||